| 000 | 00951cam a2200289 a 4500 | ||
|---|---|---|---|
| 001 | 17093117 | ||
| 005 | 20180118045351.0 | ||
| 008 | 111222s2013 nyua 001 0 eng | ||
| 010 | _a 2011052284 | ||
| 020 | _a9780078025327 (combined edition : alk. paper) | ||
| 020 | _a007802532X (combined edition : alk. paper) | ||
| 020 | _a9780077446499 (volume 1 : alk. paper) | ||
| 020 | _a0077446496 (volume 1 : alk. paper) | ||
| 020 | _a9780077446482 (volume 2 : alk. paper) | ||
| 020 | _a0077446488 (volume 2 : alk. paper) | ||
| 040 |
_aDLC _cDLC _dDLC |
||
| 041 | _aeng | ||
| 042 | _apcc | ||
| 080 | _a657.044 | ||
| 082 | 0 | 0 |
_a657.044 SPI _223 |
| 100 | 1 | _a61 | |
| 101 | _aKON | ||
| 245 | 1 | 0 |
_aIntermediate accounting / _cJ. David Spiceland, James F. Sepe, Mark W. Nelson. |
| 906 |
_a7 _bcbc _corignew _d1 _eecip _f20 _gy-gencatlg |
||
| 942 |
_2ddc _cBK |
||
| 999 |
_c40449 _d40449 |
||